Rank Countries by Population - Statistics

General Stats
  • This quiz has been taken 122 times
  • The average score is 13 of 16
Answers on the Map
Answers color-coded by a green-red scale on the quiz's map according to % correct below.
 
Answer Stats
Answer % Correct
Palau, Eritrea, Israel, Ukraine, Indonesia
96%
Dominica, Panama, Haiti, Canada, United States
95%
Guyana, Uruguay, Ecuador, Venezuela, Brazil
92%
Monaco, Estonia, Nicaragua, Romania, Vietnam
89%
Kosovo, Lesotho, Togo, Burkina Faso, D.R. Congo
88%
Belgium, Australia, Iraq, Kenya, Iran
87%
Kyrgyzstan, Tajikistan, Kazakhstan, Afghanistan, Pakistan
85%
Slovenia, Ireland, Switzerland, Rwanda, Argentina
84%
Vatican City, Fiji, Laos, Ghana, Pakistan
84%
Iceland, New Zealand, Switzerland, Netherlands, Poland
83%
Dominica, Guyana, Liberia, Togo, Netherlands
71%
Bahamas, Latvia, Austria, Cambodia, Peru
70%
Mali, Yemen, Italy, Nigeria, China
69%
Namibia, Liberia, South Sudan, Chad, Uganda
69%
Morocco, France, Vietnam, Ethiopia, Bangladesh
65%
Bhutan, Bahrain, Mongolia, Singapore, Tajikistan
56%
No matching quizzes found
Score Distribution
Percent of People with Each Score
Percentile by Number Answered
Your Score History
You have not taken this quiz